000 00979nam a22002177a 4500
001 EIF-V-2003-M3-014
003 OSt
005 20221114124643.0
008 221114b |||||||| |||| 00| 0 eng d
040 _aFundación Jesús Pereda
_cFundación Jesús Pereda
041 _aCastellano
100 _uFundación Centro de Estudios Andaluces, Grupo de Investigación en Estructura, Historia y Contenidos de la Comunicación
_aRuiz Romero, Manuel
_9264
111 _aEncuentro de Investigadores del Franquismo
_c(Albacete.
_d2003.
_n5º)
_997
245 _aEl 1º de mayo bajo el franquismo.
_bel control mediático desde la Dirección General de Prensa
_c/Manuel Ruiz Romero
650 0 _9122
_aClase obrera
650 0 _9161
_aMedios de comunicación
650 0 _9163
_aCensura
773 _tActas del V Encuentro de Investigadores del Franquismo
856 _uhttps://bibliotecaccoocyl.fundacionjesuspereda.es/cgi-bin/koha/opac-retrieve-file.pl?id=8d47a601b4b8ce68af2f9bfad2d23bfa
942 _2ddc
_cCF
_n0
999 _c289
_d289